Estadísticas para Nombra las Constelaciones

Haz click aquí para intentar la prueba.

Estadísticas generales

  • Esta prueba ha sido intentada 727 veces
  • La puntuación promedio es 33 de 88

Estadísticas de respuestas

Constelación% Correcto
Ursa Major
88%
Ursa Minor
88%
Taurus
84%
Gemini
83%
Leo
83%
Cáncer
80%
Sagitta
80%
Aquarius
78%
Capricornus
78%
Libra
78%
Orión
78%
Aries
75%
Scorpius
75%
Virgo
75%
Andromeda
58%
Pisces
58%
Crux
49%
Eridanus
48%
Cassiopeia
47%
Draco
47%
Sagittarius
45%
Aquila
42%
Cygnus
42%
Hercules
42%
Canis Major
38%
Perseus
37%
Canis Minor
36%
Centaurus
36%
Phoenix
36%
Serpens
36%
Equuleus
35%
Lyra
35%
Pegasus
35%
Lupus
34%
Cetus
33%
Ophiuchus
33%
Ara
32%
Hydra
31%
Monoceros
31%
Lepus
30%
Triangulum
29%
Cepheus
28%
Corvus
28%
Camelopardalis
27%
Columba
27%
Lynx
27%
Musca
27%
Auriga
26%
Bootes
26%
Lacerta
26%
Leo Minor
26%
Pavo
26%
Carina
25%
Corona Borealis
25%
Dorado
24%
Grus
24%
Vela
24%
Vulpecula
24%
Antlia
23%
Apus
23%
Canes Venatici
23%
Chamaeleon
23%
Corona Australis
23%
Cráter
23%
Microscopium
23%
Pyxis
23%
Telescopium
23%
Delphinus
22%
Fornax
22%
Indus
22%
Mensa
22%
Norma
22%
Puppis
22%
Sextans
22%
Tucana
22%
Volans
22%
Circinus
21%
Horologium
21%
Hydrus
21%
Octans
21%
Pictor
21%
Piscis Austrinus
21%
Reticulum
21%
Scutum
21%
Triangulum Australe
21%
Caelum
19%
Coma Berenices
19%
Sculptor
19%

Distribución de puntuación

Porcentaje por número respondido

Porcentaje de gente con cada puntuación

Historial de tus puntuaciones

No has intentado esta prueba.